Statistics for Famous Brazilians

Click here to take the quiz!

General Stats

  • This quiz has been taken 178 times
    (146 since last reset)
  • The average score is 11 of 20

Answer Stats

ClueBrazilian% Correct
Only player to have won three World CupsPelé
99%
Three-time Formula One champion who died racing in 1994Ayrton Senna
85%
Two times voted the best player in international footballRonaldo
81%
Football player with the highest transfer fee everNeymar
80%
Barcelona footballer who received a standing ovation from Real Madrid fans in 2005Ronaldinho
77%
Supermodel married to Tom BradyGisele Bündchen
76%
Controversial President elected in 2018Jair Bolsonaro
75%
Popular president of Brazil, 2002-11 - he was charged for corruption in 2018Lula da Silva
71%
First female president of Brazil - who was was impeached in 2016Dilma Rousseff
63%
Female record-holder for most goals scored at FIFA World CupMarta
55%
Name of the first and last emperors of BrazilPedro
52%
Footballer born as Ricardo Izecson dos Santos LeiteKaká
47%
Modernist architect who designed many landmarks in Brasilia,
and recently died at age 104
Oscar Niemeyer
40%
"Girl From Ipanema" composerAntônio Carlos Jobim
36%
Samba singer nicknamed "The Brazilian Bombshell" - known for her fruit hatCarmen Miranda
36%
Novelist best known for his short novels, such as "The Alchemist"Paulo Coelho
36%
Military dictator of Brazil between 1930-45, and 1951-54Getúlio Vargas
34%
The longest-running model of "Victoria's Secret"Adriana Lima
33%
Jiu-jitsu master who won the first UFC tournamentRoyce Gracie
14%
"Good" winner of 7 tennis Grand Slam titlesMaria Bueno
9%

Score Distribution

Percentile by Number Answered

Percent of People with Each Score

Your Score History

You have not taken this quiz since the last reset